ბათუმის შოთა რუსთაველის სახელმწიფო უნივერსიტეტის ბიბლიოთეკა

ქიმია / (ბიბ.ჩანაწერი № 44467)

000 -ლიდერი
ფიქსირებული სიგრძის საკონტროლო ველი 00844nam a2200217Ia 4500
001 - საკონტროლო ნომერი
საკონტროლო ველი 11236
003 - საკონტროლო ნომრის იდენტიფიკატორი
საკონტროლო ველი GE_BSU
005 - ბოლო ოპერაციის თარიღი და დრო
საკონტროლო ველი 20250514110137.0
008 - ფიქსირებული სიგრძის მონაცემთა ელემენტები - ზოგადი ინფორმაცია
ფიქსირებული სიგრძის საკონტროლო ველი 181216s1974||||ge |||||||||||||| ||g ||
040 ## - კატალოგიზაციის წყარო
Transcribing agency GE_BSU
041 ## - ენის კოდი
Language code of text/sound track or separate title geo
080 ## - უნივერსალური ათობითი კლასიფიკაციის ინდექსი
Universal Decimal Classification number 54(075.32) კ-49
100 ## - მთავარი ჩანაწერი - პიროვნების სახელი
Personal name კიკვიძე, ბ.
9 (RLIN) 25040
245 ## - ცნობა სათაურის შესახებ
Title ქიმია /
Statement of responsibility, etc ავტ. ბ.კიკვიძე ვ. ცაგარეიშვილი, ნ. ჯაფარიძე; რედ: ვ. ვაჩეიშვილი.
264 ## - წარმოების, გამოცემის, დისტრიბუციის და სხვა ცნობები
გამოცემის, წარმოების, დისტრიბუციის... ადგილი თბილისი:
გამოცემის, წარმოების, დისტრიბუციის... სახელწოდება განათლება,
გამოცემის, წარმოების, დისტრიბუციის... თარიღი 1974.
300 ## - ფიზიკური აღწერა
Extent 228 გვ.:
Other physical details ილ.;
Dimensions 27 სმ.
653 ## - INDEX TERM--UNCONTROLLED
Uncontrolled term ქიმია
700 ## - ADDED ENTRY--PERSONAL NAME
Personal name ცაგარეიშვილი, ვ.
Relator term ავტორი
9 (RLIN) 25041
700 ## - ADDED ENTRY--PERSONAL NAME
Personal name ჯაფარიძე, ნ.
Relator term ავტორი
9 (RLIN) 25042
942 ## - ADDED ENTRY ELEMENTS (KOHA)
Koha item type წიგნი
Source of classification or shelving scheme
ეგზემპლარები
ჩამოწერის სტატუსი დაკარგული ეგზემპლარის სტატუსი კლასიფიკაციის წყარო ან თაროზე გაწყობის სქემა დაზიანების სტატუსი არ გაიცემა მუდმივი მდებარეობა (დაცვის ადგილი) ამჟამინდელი ადგილსამყოფელი თაროზე განთავსების ადგილი შეძენის თარიღი სრული შენახვის შიფრი შტრიხკოდი ბოლო ოპერაციის თარიღი ეგზემპლარის მიმდევრობითი ნომერი (კეტერი?) ფასის ძალაში შესვლის თარიღი ეგზემპლარის სახეობა
          აგრარული და მემბრანული ტექნოლოგიების ინსტიტუტის ბიბლიოთეკა აგრარული და მემბრანული ტექნოლოგიების ინსტიტუტის ბიბლიოთეკა წიგნსაცავი 2018-12-17 54(075.32) კ-49 19549 2018-12-17 19549 2018-12-17 წიგნი
          ბათუმის შოთა რუსთაველის სახელმწიფო უნივერსიტეტის მთავარი ბიბლიოთეკა ბათუმის შოთა რუსთაველის სახელმწიფო უნივერსიტეტის მთავარი ბიბლიოთეკა წიგნსაცავი 2018-12-17 54(075.32) კ-49 19550 2018-12-17 19550 2018-12-17 წიგნი